000 00390nam a2200169Ia 4500
001 20473
003 IN-NITTTR
005 20251114233234.0
008 251113s9999||||xx |||||||||||||| ||eng||
040 _beng
040 _cIN-NITTTR
041 _aeng
082 _a669.9 G232P
100 _aGaudin, A. M.
245 0 _aPrinciples of mineral dressing /
_cGaudin, A. M.
942 _2ddc
_cBK
999 _c23106
_d23106